| 000 | 00604nam a2200181Ia 4500 | ||
|---|---|---|---|
| 008 | 100921s9999 xx 000 0 und d | ||
| 082 |
_b35955 _a891.433 थ 85 |
||
| 100 | _aबलवंत. | ||
| 245 | _aखुनी कोठी. | ||
| 260 |
_bअभिनव पॉकेट बुक्स,दिल्ली. _c1985 |
||
| 300 |
_a223 _b--- |
||
| 365 | _b8 | ||
| 520 | _aललित -हिंदी-कथा,कादं. | ||
| 630 | _aखुनी कोठी. | ||
| 650 | _aललित -हिंदी-कथा,कादं. | ||
| 730 | _aखुनी कोठी. | ||
| 942 | _cBOOK | ||
| 999 |
_c785068 _d785065 |
||